000
00149nam a22000857a 4500
082
_a
823
100
_a
UNKNOWN
245
_a
1ST WORDS FOR ME
942
_c
BK
999
_c
8393
_d
8393